Os 15 principais países com mortes por Covid19 - 30 de março 2022 - Statistics

Estatísticas Gerais
  • Esse quiz foi jogado 10 vezes
  • A pontuação média é 14 de 27
Estatísticas das Respostas
pais % Correto
Brasil
100%
Estados Unidos
100%
Índia
100%
França
90%
México
90%
Reino Unido
90%
Rússia
90%
Alemanha
80%
Argentina
70%
Itália
70%
Peru
60%
Colômbia
50%
Eslováquia
50%
Hungria
50%
Indonésia
50%
Polônia
50%
Eslovénia
40%
Bósnia e Herzegovina
30%
Bulgária
30%
Chéquia
30%
Croácia
30%
Romênia
20%
Irão
10%
Macedónia do Norte
10%
Geórgia
0%
Letónia
0%
Lituânia
0%
Nenhum quiz correspondente encontrado
Distribuição das Pontuações
Porcentagem de Pessoas com Cada Pontuação
Percentil de Números Respondidos
Sua Pontuação Histórica
Você não jogou esse quiz